LEADER 01230nam a2200253 i 4500 001 000000145951 003 CaOOAMICUS 005 20051212000000.0 008 051212s1954 vc u000 u lat u 013 $a121343 040 $aSeMil$bita 100 1 $aOttaviani, Alfredo,$c.$0(OLS)http://semarc/name/12600 245 10$aCompendium Iuris Publici Ecclesiastici /$cAlaphridus Ottaviani. 250 $aEd. 4. emendata et aucta. 260 $a[In Urbe Vaticani] :$bTypis Polyglottis Vaticanis,$c1954. 300 $aVIII, 496 p. ;$c23 cm. 500 $aIn testa al front. : Pontificium Institutum Utriusque Iuris. - Al momento della catalogazione si notano alcune sottolineature ed alcune annotazioni in matita. 650 4$aDiritto ecclesiastico.$0(OLS)http://semarc/subject/933 700 1 $aDi Meglio, Iosepho.$0(OLS)http://semarc/name/58122 850 $aSeMil 852 $aSeMil$W1$xVenegono$y1$m2J III 84$j261211$B98657$CSeMilBibl$Z2$F107408 $81 961 $aOmaggio: Biblioteca Seminario Seveso (fino al 1985) 996 $6245$aCompendium Iuris Publici Ecclesiastici$9(OLS)http://semarc/title/213386 996 $6260$a[In Urbe Vaticani] :$bTypis Polyglottis Vaticanis$9(OLS)http://semarc/publisher/29874 LEADER 00745naa a2200157 i 4500 001 000000296608 003 CaOOAMICUS 005 20180831172548.0 008 180831n xx u000 u und u 013 $a4072 040 $aSeMil$bita 100 1 $aSchlosser, Jacques.$0(OLS)http://semarc/name/7457 245 10$aJésus le sage et ses vues sur l'homme d'après l'Évangile de Marc. 650 4$aBibbia. Nuovo Testamento. Vangelo secondo Marco - Commentari, studi, critica, interpretazioni.$0(OLS)http://semarc/subject/143 773 0 $tSagesse biblique.$dParis : Les Éditions du Cerf, copyr. 1995.$kLectio divina $z2-204-05153-5$w()52324 996 $6245$aJésus le sage et ses vues sur l'homme d'après l'Évangile de Marc$9(OLS)http://semarc/title/372659